000 01397 a2200181 4500
003 Nust
005 20221124104634.0
035 _a(SFX)2580000000005840
040 _cNust
082 _a519.402,BAN
100 _aRaj Kumar Bansal
_983380
245 1 0 _aMATLAB? and Its Applications in Engineering /
_bRaj Kumar Bansal
260 _bPearson Education India
_cNew Delhi
_a2008
300 _axvi; 518,p
505 _aIntroduction to MATLAB (Page-1), Constants Variables and Expressions (Page-18), Vectors and Matrices (Page-35), Polynomials (Page-81), Inputs –Outputs Statements (Page-95), MATLAB Graphics (Page-120), Control Structures (Page-156), Writing Programs and Functions (Page-180), Ordinary Differential Equations and Symbolic Mathematics (Page-204), Simulink Basis (Page-230), MATLAB Applications in Control Systems –I (Page-264), MATLAB Application in Control Systems –II (Page-319), MATLAB Applications in Neural Networks (Page-361), MATLAB Applications in Fuzzy Logic Systems (Page-391), MATLAB Applications in Digital Signal Processing (Page-424).
856 4 0 _uhttp://link.libris.kb.se/sfxlibris-hgot?url_ver=Z39.88-2004&ctx_ver=Z39.88-2004&ctx_enc=info:ofi/enc:UTF-8&rfr_id=info:sid/sfxit.com:opac_856&url_ctx_fmt=info:ofi/fmt:kev:mtx:ctx&sfx.ignore_date_threshold=1&rft.object_id=2580000000005840&svc_val_fmt=info:ofi/fmt:kev:mtx:sch_svc&
942 _2ddc
_cBK
_k519.402,BAN
999 _c189454
_d189454